000 00614nam a2200181 4500
001 44785
003 ES-MaACL
005 20250701063134.0
007 t|
008 030324s1872 fr a |||| | fre d
100 1 _aClaretie, Jules,
_d1840-1913
_9160289
245 1 0 _aAlmanach illustré de l'histoire de la Révolution de 1870-71 /
_cpar Jules Claretie.
260 _aParis :
_bAu Bureau de l'Eclipse,
_c1872 (
_fTyp. de Rouge, Dunon et Fresné)
300 _a55 p. :
_bil. ;
_c21 cm.
651 4 _aFrancia-
_xHistoria-
_y1871-1873.
_9167507
852 _aES-MaACL
_jFol-Laf-415
999 _c44785
_d44785